Koukers and sourvakars (Запис номер 454880)
[ съкратено ]
| 000 -Лидер | |
|---|---|
| Контролно поле с фиксирана дължина | nam a22 a 4500 |
| 003 - Код на организацията, давaща контролен номер | |
| Контролно поле | BLK |
| 005 - Дата и час на последна редакция | |
| Контролно поле | 20220510102203.0 |
| 008 - Елементи от данни с фиксирана дължина | |
| fixed length control field | 220510b bu |||||r|||| 00| | bu d |
| 040 ## - Източник на каталожния запис | |
| Идентификатор на билиотеката - собственик на записа | BLK |
| 041 ## - Код за език | |
| Код за езика на текст/звукозапис или на отделно заглавие | Английски |
| Код за езика КДБФ | Английски |
| 080 ## - УДК | |
| Текстов определител УДК | Национални народни празници. Народни развлечения |
| УДК код - определител по УДК | 394.2 |
| УДК определител | (497.2) |
| УДК - код + определител | 394.2(497.2) |
| 100 ## - Редна дума - Автор | |
| R(LIN) | 1299 |
| Автор | Stamenova, Zivka |
| Авторска отговорност | първи автор |
| 139 ## - Редно поле | |
| Редна дума | Stamenova, Zivka |
| 245 ## - Сведения за заглавието | |
| Заглавие | Koukers and sourvakars |
| Подзаглавни данни | [Изследване] |
| Редно поле (дума) | Zhivka Stamenova ; Transl. [от бълг. на англ. ез.] Marguerite Alexieva |
| 260 ## - Област на издателските данни | |
| 9 (RLIN) | 218939 |
| Място на издаване, разпространение и проч. | Sofia |
| Име на издателя, разпространителя и проч. | Septemvri |
| Година на издаване | 1982 |
| 300 ## - Физическа характеристика | |
| Страници | 100 с. |
| Илюстрации и др. | с ил. |
| Размери/Мащаб | 20 см |
| 380 ## - Жанр | |
| Жанр | Обществени науки |
| 490 ## - СЕРИИ (Колекции) | |
| 9 (RLIN) | 207872 |
| Име на серия | Bulgarian folk customs and rituals |
| 500 ## - Общи забележки | |
| Забележка | Ориг. загл. Кукери и сурвакари<br/>2 000 тир |
| 650 #0 - Допълнително описание по предмет – тема | |
| 9 (RLIN) | 243477 |
| Основно описание – тема или топоним | Празници, български |
| 653 #7 - Ключова дума – ненормативна | |
| 9 (RLIN) | 194347 |
| Ключова дума | празници |
| 653 #7 - Ключова дума – ненормативна | |
| 9 (RLIN) | 189520 |
| Ключова дума | кукери |
| 653 #7 - Ключова дума – ненормативна | |
| 9 (RLIN) | 197716 |
| Ключова дума | сурвакари |
| 700 ## - Други автори (авторска отговорност) | |
| 9 (RLIN) | 323 |
| Лично име | Aleksieva, Margarita P. |
| Автороска отговорност (Описва отношението между автора и произведението) | transl. [от бълг. на англ.] |
| 852 ## - Местоположение | |
| Форматна сигнатура | Цб 117870 |
| Фондова буква | Хранилище |
| 999 ## - СИСТЕМНИ КОНТРОЛНИ НОМЕРА | |
| Koha biblionumber | 454880 |
| Koha biblioitemnumber | 454880 |
| 942 ## - АРТИКУЛИ | |
| Вид на библиотечния материал | Книги |
| Скрит в OPAC | Не |
| Периодичен библиозапис | Да |
| 944 ## - СЪЗДАВАНЕ И РЕДАКЦИЯ на ЗАПИСА | |
| Създаване/Редакция | Създаване |
| Дата на регистрацията/редакция | 2022-05-10 |
| Служител, извършил регистрацията/редакцията | ВП |
| Код за отписване | Код за изгубен артикул | Източник на класификационната схема | Код за повреда | Коз за рестрикции | Код за отдаване | Артикулен № | Име на библиотеката - собственик | Име на библиотеката, в която се намира в момента | Статус (Текущо местоположение) | Дата на вписване в системата | Местоположение - отдел | Цена в лева | Инвентарен номер | Систематично азбучна сигнатура | Баркод | Цена в евро | Служебен тип на артикула |
|---|---|---|---|---|---|---|---|---|---|---|---|---|---|---|---|---|---|
| Не е изгубен | Universal Decimal Classification | Не е повреден | само за читалня | ползва се в читалня | 884622 | Регионална библиотека "Любен Каравелов" Русе | Регионална библиотека "Любен Каравелов" Русе | Хранилище | 2022-05-16 | Основен фонд - ползва се само за читалня | 3.99 | 365313 | Цб 117870 | 120000365313 | 2.04 | Книги |